La productividad de los factores en la agricultura española (Record no. 16695)

MARC details
000 -LEADER
campo de control de longitud fija 00819nam a2200241 i 4500
001 - NÚMERO DE CONTROL
campo de control 16695
003 - IDENTIFICADOR DE NÚMERO DE CONTROL
campo de control ES-MaACL
005 - FECHA Y HORA DE LA ÚLTIMA TRANSACCIÓN
campo de control 20250630032858.0
007 - CAMPO FIJO DE DESCRIPCIÓN FÍSICA--INFORMACIÓN GENERAL
campo de control de longitud fija t|
008 - DATOS DE LONGITUD FIJA--INFORMACIÓN GENERAL
campo de control de longitud fija 001025s2000 sp ||||1| spa d
020 ## - NÚMERO INTERNACIONAL ESTÁNDAR DEL LIBRO
Número Internacional Estándar del Libro 84-7793-711-7
080 ## - NÚMERO DE LA CLASIFICACIÓN DECIMAL UNIVERSAL
Número de la Clasificación Decimal Universal 338.43(460)"17/19":338.312
100 1# - ENTRADA PRINCIPAL--NOMBRE DE PERSONA
Nombre de persona Bringas Gutiérrez, Angel.
9 (RLIN) 31755
245 13 - MENCIÓN DEL TÍTULO
Título La productividad de los factores en la agricultura española
Resto del título : (1752-1935) /
Mención de responsabilidad, etc. Miguel Angel Bringas Gutiérrez.
260 ## - PUBLICACIÓN, DISTRIBUCIÓN, ETC.
Lugar de publicación, distribución, etc. Madrid :
Nombre del editor, distribuidor, etc. Banco de España,
Fecha de publicación, distribución, etc. 2000.
300 ## - DESCRIPCIÓN FÍSICA
Extensión 204 p. ;
Dimensiones 24 cm.
490 1# - MENCIÓN DE SERIE
Mención de serie Estudios de historia económica ;
Designación de volumen o secuencia 39
650 00 - PUNTO DE ACCESO ADICIONAL DE MATERIA--TÉRMINO DE MATERIA
Término de materia o nombre geográfico como elemento de entrada Agricultura-
Subdivisión geográfica España.
9 (RLIN) 9680
710 2# - ENTRADA AGREGADA--NOMBRE DE ENTIDAD CORPORATIVA
Nombre de entidad corporativa o nombre de jurisdicción como elemento de entrada Banco de España
9 (RLIN) 2104
830 0# - PUNTO DE ACCESO ADICIONAL DE SERIE-TÍTULO UNIFORME
Título uniforme Estudios de historia económica ;
Designación de volumen o secuencia 39
9 (RLIN) 179607
852 ## - LOCALIZACIÓN
Ubicación ES-MaACL
Número de control de estantería L-23888
Sublocalización o colección R.129044
Holdings
Estatus retirado Estado de pérdida Estado de daño No para préstamo Biblioteca de origen Biblioteca actual Ubicación en estantería Fecha de adquisición Fuente de adquisición Total de préstamos Signatura topográfica completa Código de barras Visto por última vez Precio de reemplazo Tipo de ítem Koha
        Biblioteca del Ateneo de Madrid Biblioteca del Ateneo de Madrid Depósito 2 17/01/2008     L-23888 1016957 23/02/2023 23/02/2023 Libro impreso